Lý thuyết và kỹ thuật anten /
Lý thuyết anten: Bức xạ của dòng điện và dòng từ, các nguồn bức xạ nguyên tố...; Kỹ thuật anten: phương pháp xử lý tín hiệu trong hệ anten, phương pháp điều khiển đồ thị phương hướng anten...
Zapisane w:
| 1. autor: | |
|---|---|
| Format: | Książka |
| Język: | Vietnamese |
| Wydane: |
Hà Nội :
Khoa học và kỹ thuật,
1997.
|
| Hasła przedmiotowe: | |
| Etykiety: |
Dodaj etykietę
Nie ma etykietki, Dołącz pierwszą etykiete!
|
| Thư viện lưu trữ: | Mạng thư viện Đại học Đà Nẵng |
|---|
| LEADER | 01354cam a2200361 a 4500 | ||
|---|---|---|---|
| 001 | 000043593 | ||
| 003 | 1573 | ||
| 005 | 20060329160658.0 | ||
| 008 | 010217b1997 vm 000 vie | ||
| 040 | |a LRC |c LRC |d LRC | ||
| 041 | 0 | |a vie | |
| 082 | 1 | 4 | |a 621.3824 |b PH-A |
| 100 | 1 | |a Phan Anh, |c GS.TSKH. | |
| 245 | 1 | 0 | |a Lý thuyết và kỹ thuật anten / |c Phan Anh. |
| 260 | |a Hà Nội : |b Khoa học và kỹ thuật, |c 1997. | ||
| 300 | |a 453 tr. ; |c 27 cm. | ||
| 520 | 3 | |a Lý thuyết anten: Bức xạ của dòng điện và dòng từ, các nguồn bức xạ nguyên tố...; Kỹ thuật anten: phương pháp xử lý tín hiệu trong hệ anten, phương pháp điều khiển đồ thị phương hướng anten... | |
| 630 | 0 | 4 | |a Điện tử. |
| 630 | 0 | 4 | |a Anten. |
| 650 | 0 | 4 | |a Anten |x Lý thuyết. |
| 650 | 0 | 4 | |a Anten |x Kỹ thuật. |
| OWN | |a DUT | ||
| AVA | |a UDN50 |b DUT |c Book |d 621.3824 PH-A |e available |t Error 5001 Not defined in file expand_doc_bib_avail. |f 8 |g 0 |h N |i 4 |j SH |k 1 | ||
| 999 | |a From the UDN01 | ||
| AVA | |a UDN50 |b DUT |c Book |d 621.3824 PH-A |e available |t Error 5001 Not defined in file expand_doc_bib_avail. |f 8 |g 0 |h N |i 4 |j SH |k 1 | ||
| TYP | |a Monograph | ||
| TYP | |a Printed language | ||
| 980 | |a Mạng thư viện Đại học Đà Nẵng | ||